000 00582nam a22001937a 4500
003 OSt
005 20240702071409.0
008 240702b |||||||| |||| 00| 0 eng d
020 _a978-621-416-058-7
040 _aDWC- Main Lib
_cOC
082 _aFil. 657.42 D331c 2019
100 _aDe Leon, Norma D.
245 _aCost accounting and control /
_cNorma D. De Leon.
250 _a2019 edition
260 _aManila, Philippines:
_bGIC Enterprises & CO., Inc.
_cc2019.
300 _a439 pages :
_billustrations ;
_c23cm.
650 _a1. Cost Accounting
942 _2ddc
_cBK - FIL
_n1
999 _c1815
_d1815